Countries Who Signed The Original Geneva Convention - Statistics

General Stats
  • This quiz has been taken 10 times
  • The average score is 9 of 12
Answer Stats
Answer % Correct
French Empire
100%
Kingdom of Belgium
100%
Kingdom of Denmark
100%
Kingdom of Portugal
100%
Kingdom of Spain
100%
Kingdom of the Netherlands
100%
Kingdom of Italy
89%
Kingdom of Prussia
78%
Swiss Confederation
78%
Grand Duchy of Baden
33%
Grand Duchy of Hesse
22%
Kingdom of Württemberg
22%
No matching quizzes found
Score Distribution
Percent of People with Each Score
Percentile by Number Answered
Your Score History
You have not taken this quiz